00418 2200157 4500001002100000008004100021035002000062245003700082100001300119260003800132300002000170082001100190650003300201990001300234990001300247INLIS000000000000449 ind  a0010-0322000449 aSEJARAH HUKUM DI INDONESIAcIKHA aFIDELARA aJAKARTAbARMANDELTA SELARASc2015 a54 hlm.c25 cm. a340.03 aHUKUM - KAMUS / ENSIKLOPEDIA a102624-1 a102624-2